Handbook on the physics and chemistry of rare earths [including actinides], volume 53 (Record no. 76121)
[ view plain ]
| 000 -LEADER | |
|---|---|
| fixed length control field | 01139nam a2200217 a 4500 |
| 008 - FIXED-LENGTH DATA ELEMENTS--GENERAL INFORMATION | |
| fixed length control field | 211203s2018 ||||||||||||||||| || u |
| 020 ## - INTERNATIONAL STANDARD BOOK NUMBER | |
| International Standard Book Number | 9780444641571 |
| 050 ## - LIBRARY OF CONGRESS CALL NUMBER | |
| Classification number | QD 172 Han |
| 100 ## - MAIN ENTRY--PERSONAL NAME | |
| Personal name | Bunzli, Jean-Claude G |
| 245 10 - TITLE STATEMENT | |
| Title | Handbook on the physics and chemistry of rare earths [including actinides], volume 53 |
| Statement of responsibility, etc. | Edited by Jean-Claude G. Bunzli and Vitalij K. Pecharsky |
| 260 ## - PUBLICATION, DISTRIBUTION, ETC. | |
| Place of publication, distribution, etc. | Amsterdam |
| Name of publisher, distributor, etc. | North-Holland |
| Date of publication, distribution, etc. | 2018 |
| 300 ## - PHYSICAL DESCRIPTION | |
| Extent | c, 269 pages : illustrations |
| 650 #0 - SUBJECT ADDED ENTRY--TOPICAL TERM | |
| Topical term or geographic name entry element | RARE EARTHS |
| 650 ## - SUBJECT ADDED ENTRY--TOPICAL TERM | |
| Topical term or geographic name entry element | RARE EARTHS METALS |
| 650 ## - SUBJECT ADDED ENTRY--TOPICAL TERM | |
| Topical term or geographic name entry element | RARE EARTHS METALS--SURFACES |
| 650 ## - SUBJECT ADDED ENTRY--TOPICAL TERM | |
| Topical term or geographic name entry element | RARE EARTHS COMPOUNDS |
| 700 ## - ADDED ENTRY--PERSONAL NAME | |
| Personal name | Pecharsky, Vitalij K |
| 995 ## - | |
| -- | MAIN LIBRARY OPEN ACCESS |
| -- | 751458 |
| -- | CBU-MAIN LIBRARY (Kitwe) |
| -- | 421.63 |
| -- | QD 172 Han |
| -- | 1 |
| -- | AVAILABLE |
| -- | Dec 3, 2021 |
| -- | 751458 |
| -- | Main Library Open Access Collection |
| 995 ## - | |
| -- | MAIN LIBRARY OPEN ACCESS |
| -- | 421.63 |
| -- | 751459 |
| -- | CBU-MAIN LIBRARY (Kitwe) |
| -- | QD 172 Han |
| -- | 2 |
| -- | AVAILABLE |
| -- | Dec 3, 2021 |
| -- | 751459 |
| -- | Main Library Open Access Collection |
| 995 ## - | |
| -- | MAIN LIBRARY OPEN ACCESS |
| -- | 751460 |
| -- | CBU-MAIN LIBRARY (Kitwe) |
| -- | 421.63 |
| -- | QD 172 Han |
| -- | 3 |
| -- | AVAILABLE |
| -- | Dec 3, 2021 |
| -- | 751460 |
| -- | Main Library Open Access Collection |
| 999 ## - | |
| -- | 76121 |
| -- | 76121 |
| Withdrawn status | Lost status | Source of classification or shelving scheme | Damaged status | Not for loan | Permanent Location | Current Location | Shelving location | Date acquired | Total Checkouts | Full call number | Barcode | Date last seen | Copy number | Price effective from | Koha item type | Source of acquisition |
|---|---|---|---|---|---|---|---|---|---|---|---|---|---|---|---|---|
| CBU- LUSAKA CAMPUS | CBU- LUSAKA CAMPUS | General Stacks | 10/22/2024 | QD 172 Han | 10/22/2024 | 1 | 10/22/2024 | MONOGRAPH | BOOK AID | |||||||
| CBU-MAIN LIBRARY, KITWE. | CBU-MAIN LIBRARY, KITWE. | 04/25/2023 | QD 172 Han | 751458 | 04/25/2023 | 1 | 04/25/2023 | MONOGRAPH | ||||||||
| CBU-MAIN LIBRARY, KITWE. | CBU-MAIN LIBRARY, KITWE. | 04/25/2023 | QD 172 Han | 751459 | 04/25/2023 | 2 | 04/25/2023 | MONOGRAPH | ||||||||
| CBU-MAIN LIBRARY, KITWE. | CBU-MAIN LIBRARY, KITWE. | 04/25/2023 | QD 172 Han | 751460 | 04/25/2023 | 3 | 04/25/2023 | MONOGRAPH |